Black Beauty (Record no. 370105)

MARC details
000 -LEADER
fixed length control field 00429nam a2200169 4500
005 - DATE AND TIME OF LATEST TRANSACTION
control field 20260123123652.0
008 - FIXED-LENGTH DATA ELEMENTS--GENERAL INFORMATION
fixed length control field 260123b |||||||| |||| 00| 0 eng d
020 ## - INTERNATIONAL STANDARD BOOK NUMBER
International Standard Book Number 978-93-8653-815-4
041 ## - LANGUAGE CODE
Language code of text/sound track or separate title English
082 ## - DEWEY DECIMAL CLASSIFICATION NUMBER
Classification number X 823.8 SEW
Item number B12195
100 ## - MAIN ENTRY--PERSONAL NAME
Author Sewell, Anna
245 ## - TITLE STATEMENT
Title Black Beauty
260 ## - PUBLICATION, DISTRIBUTION, ETC.
Place of publication, distribution, etc. New Delhi
Name of publisher, distributor, etc. Fingerprint Classics
Date of publication, distribution, etc. 2024
300 ## - PHYSICAL DESCRIPTION
Extent 208p
Other physical details pb
365 ## - TRADE PRICE
Price type code Rupaye
Price amount 140
Currency code INR
942 ## - ADDED ENTRY ELEMENTS (KOHA)
Koha item type Books
Holdings
Withdrawn status Lost status Source of classification or shelving scheme Damaged status Not for loan Collection code Home library Current library Date acquired Vendor Net Price Bill number Total Checkouts Full call number Barcode Date last seen Discount Actual Price Bill Date Koha item type Original Barcode
    Dewey Decimal Classification     Fiction Smt. Bakul Tambat Institute of Nursing Education Smt. Bakul Tambat Institute of Nursing Education 30/12/2025 Amazon(online) 171-8676699-1475507 134.40 XIA6-61211   X 823.8 SEW B12195 BTIN-BK-12195 23/01/2026 5.60 140.00 30/12/2025 Books BTIN-BK-12195